| 000 | 00537nam a22001697a 4500 | ||
|---|---|---|---|
| 999 |
_c158947 _d158947 |
||
| 005 | 20181122160121.0 | ||
| 010 | _aB-158745 | ||
| 035 | _aB-158745 | ||
| 037 | _bA.P.H Publishing Corportation | ||
| 082 | _a371.3 | ||
| 100 | _a Siddiqui, Mujibul Hasan | ||
| 245 |
_aTechniques of teaching strategies/ _cby Mujibul Hasan Siddiqui |
||
| 260 |
_aNew Delhi _bA.P.H Publishing Corportation _c2005 |
||
| 300 |
_a313p. _c22 cm(Hb) |
||
| 942 |
_2ddc _cEN _h371.3 _mSID |
||